书目信息 |
| 题名: |
新闻写作技巧
|
|
| 作者: | 赵凤山 著 | |
| 分册: | ||
| 出版信息: | 北京 中国文史出版社 2021.01 |
|
| 页数: | 390页 | |
| 开本: | 25cm | |
| 丛书名: | ||
| 单 册: | ||
| 中图分类: | G212.2 | |
| 科图分类: | ||
| 主题词: | 新闻写作--xin wen xie zuo | |
| 电子资源: | ||
| ISBN: | 978-7-5205-1797-3 | |
| 000 | 01136nam0 2200253 450 | |
| 001 | 2160501713 | |
| 005 | 20210926145258.0 | |
| 010 | @a978-7-5205-1797-3@dCNY68.00 | |
| 100 | @a20210304d2021 em y0chiy0120 ea | |
| 101 | 0 | @achi |
| 102 | @aCN@b110000 | |
| 105 | @ay z 000yy | |
| 106 | @ar | |
| 200 | 1 | @a新闻写作技巧@Axin wen xie zuo ji qiao@f赵凤山著 |
| 210 | @a北京@c中国文史出版社@d2021.01 | |
| 215 | @a390页@d25cm | |
| 312 | @a英文题名取自封面 | |
| 330 | @a新闻的支柱性体裁系消息、通讯和评论。本书全面精细地解剖了其内在结构,并选用近300篇风格各异的实例,对标题、导语、主题、背景、开头、结尾、结构、叙述、描写、细节、提炼、积累等,进行多侧面多角度地详尽分析,从中归纳提炼出如何写好消息的技巧、如何写好通讯的诀窍、如何写好评论的方法,让读者从中能够掌握好写作规律和写作要领。本书深入浅出,通俗易懂,条理清晰,行文朴实,实例丰富,具有可操作性,对于有兴趣从事新闻写作的读者,这是一本易懂易学的实用教材。 | |
| 510 | 1 | @aSkills of news writing@zeng |
| 606 | 0 | @a新闻写作@Axin wen xie zuo |
| 690 | @aG212.2@v5 | |
| 701 | 0 | @a赵凤山@Azhao feng shan@4著 |
| 801 | 0 | @aCN@b百万庄@c20210926 |
| 905 | @b1300427-430@dG212.2@e1001@f4 | |
| 新闻写作技巧/赵凤山著.-北京:中国文史出版社,2021.01 |
| 390页;25cm |
| ISBN 978-7-5205-1797-3:CNY68.00 |
| 新闻的支柱性体裁系消息、通讯和评论。本书全面精细地解剖了其内在结构,并选用近300篇风格各异的实例,对标题、导语、主题、背景、开头、结尾、结构、叙述、描写、细节、提炼、积累等,进行多侧面多角度地详尽分析,从中归纳提炼出如何写好消息的技巧、如何写好通讯的诀窍、如何写好评论的方法,让读者从中能够掌握好写作规律和写作要领。本书深入浅出,通俗易懂,条理清晰,行文朴实,实例丰富,具有可操作性,对于有兴趣从事新闻写作的读者,这是一本易懂易学的实用教材。 |
| ● |
| 相关链接 |
|
|
|
|
正题名:新闻写作技巧
索取号:G212.2/1001
 
预约/预借
| 序号 | 登录号 | 条形码 | 馆藏地/架位号 | 状态 | 备注 |
| 1 | 1300427 | 213004274 | 第一样本阅览室/ [索取号:G212.2/1001] | 在馆 | |
| 2 | 1300428 | 213004283 | 第四借阅区/ [索取号:G212.2/1001] | 在馆 | |
| 3 | 1300429 | 213004292 | 第四借阅区/ [索取号:G212.2/1001] | 在馆 | |
| 4 | 1300430 | 213004309 | 第四借阅区/ [索取号:G212.2/1001] | 在馆 |